| 000 | 00579nam a22002057a 4500 | ||
|---|---|---|---|
| 003 | UA-OsUOA | ||
| 001 | 22979 | ||
| 007 | ta | ||
| 008 | 20031230b un ||||| |||| 00| 0 ukr d | ||
| 100 | _aБорисенков А. | ||
| 942 | _cSA | ||
| 040 |
_aUA-OsUOA _brus _cUA-OsUOA _dUA-OsUOA |
||
| 245 | _aПарадигма политической целосности как фактор развития политической теории | ||
| 300 | _aС.33-40 | ||
| 955 | _a0 | ||
| 041 | _arus | ||
| 044 | _aUA | ||
| 773 | 0 |
_w0 _tВласть _dМ. _d2003 _g№11 |
|
| 650 | 7 | _2UDC | |
| 999 |
_c309213 _d309213 |
||